Cover Images (Shakespeare) Quiz Stats

 Plays Quiz not verified by Sporcle

Score 0/9 Timer 03:00
0 Plays Today
# Plays (left to right) % Correct
Row One (left to right)Antony and Cleopatra
87.1%
Row One (left to right)Hamlet
85.1%
Row Three (left to right)Macbeth
85.1%
Row Three (left to right)The Tempest
78.1%
Row Two (left to right)Julius Caesar
75.3%
Row Three (left to right)Twelfth Night
71.8%
Row Two (left to right)Comedy of Errors
56.6%
Row One (left to right)Measure for Measure
51.3%
Row Two (left to right)Love's Labour's Lost
22.5%

You're not logged in!

Compare scores with friends on all Sporcle quizzes.
OR
Log In

Show Comments

Extras

Top Quizzes Today


Score Distribution

Your Account Isn't Verified!

In order to create a playlist on Sporcle, you need to verify the email address you used during registration. Go to your Sporcle Settings to finish the process.

Report this User

Report this user for behavior that violates our Community Guidelines.

Details: